000 01476nam a2200349 a 4500
001 ebr10491921
003 CaPaEBR
006 m u
007 cr cn|||||||||
008 850403s1959 paua sb 001 0 eng d
010 _z 58010416
020 _z0812219546 (pbk. : alk. paper)
020 _z9780812219548
020 _z9780812200515 (e-book)
040 _aCaPaEBR
_cCaPaEBR
035 _a(OCoLC)759158194
050 1 4 _aQH365
_b.O2 1959eb
100 1 _aDarwin, Charles,
_d1809-1882.
245 1 4 _aThe origin of species
_h[electronic resource] :
_ba variorum text /
_cCharles Darwin ; edited by Morse Peckham.
260 _aPhiladelphia [Pa.] :
_bUniversity of Pennsylvania Press,
_c1959.
300 _a816 p. :
_bill.
500 _aWith a reproduction of the t.p. of the original ed. published in 1859 under title: On the origin of species by means of natural selection.
500 _aFirst paperback edition 2006.
504 _aIncludes bibliographical references and index.
533 _aElectronic reproduction.
_bPalo Alto, Calif. :
_cebrary,
_d2011.
_nAvailable via World Wide Web.
_nAccess may be limited to ebrary affiliated libraries.
650 0 _aEvolution (Biology)
650 0 _aNatural selection.
655 7 _aElectronic books.
_2local
700 1 _aPeckham, Morse.
710 2 _aebrary, Inc.
856 4 0 _uhttp://site.ebrary.com/lib/rucke/Doc?id=10491921
_zAn electronic book accessible through the World Wide Web; click to view
999 _c125788
_d125788